000 00323nam a22001337a 4500
003 SGT
020 _a0-14-806249-2
082 _a646.7
_bBAL
100 _aBALI, PARVIDER S.
245 _aOUANTITY FOOD PRODUCTION OPERATIONS & INDIA CUISINE
260 _aDELHI
_bOXFORD PRESS
_c2020
300 _a330
942 _2ddc
_cBK
_01
999 _c21072
_d21072